Cẩm nang hướng dẫn quản lý thuốc bảo vệ thực vật, phân bón ở Việt Nam 2010 : Danh mục thuốc được phép sử dụng, hạn chế và cấm sử dụng
Sách tập hợp các văn bản của nhà nước Việt Nam về quản lý thuốc bảo vệ thực vật và phân bón đồng thời cung cấp danh mục các thuộc bảo vệ thực vật được phép sử dụng, hạn chế và cấm sử dụng...
محفوظ في:
| التنسيق: | كتاب |
|---|---|
| اللغة: | Undetermined |
| منشور في: |
Hà Nội
Lao Động
2010
|
| الموضوعات: | |
| الوسوم: |
إضافة وسم
لا توجد وسوم, كن أول من يضع وسما على هذه التسجيلة!
|
| Thư viện lưu trữ: | Trung tâm Học liệu Trường Đại học Cần Thơ |
|---|
| LEADER | 01247nam a2200229Ia 4500 | ||
|---|---|---|---|
| 001 | CTU_79760 | ||
| 008 | 210402s9999 xx 000 0 und d | ||
| 020 | |c 175000 | ||
| 082 | |a 632.95 | ||
| 082 | |b C120 | ||
| 245 | 0 | |a Cẩm nang hướng dẫn quản lý thuốc bảo vệ thực vật, phân bón ở Việt Nam 2010 : | |
| 245 | 0 | |b Danh mục thuốc được phép sử dụng, hạn chế và cấm sử dụng | |
| 245 | 0 | |c Quốc Cường (Sưu tầm, hệ thống hóa) | |
| 260 | |a Hà Nội | ||
| 260 | |b Lao Động | ||
| 260 | |c 2010 | ||
| 520 | |a Sách tập hợp các văn bản của nhà nước Việt Nam về quản lý thuốc bảo vệ thực vật và phân bón đồng thời cung cấp danh mục các thuộc bảo vệ thực vật được phép sử dụng, hạn chế và cấm sử dụng | ||
| 650 | |a Agricultural chemicals,Nông dược,Thuốc trừ sâu,Pesticides | ||
| 650 | |x Law and legislation,Luật và các băn bản qui phạm pháp luật | ||
| 650 | |z Vietnam,Việt Nam | ||
| 904 | |i Huỳnh Mai | ||
| 980 | |a Trung tâm Học liệu Trường Đại học Cần Thơ | ||